000
00411nam a2200181Ia 4500
008
151202s9999||||xx |||||||||||||| ||und||
082
_b
PNVM-23766
100
_a
देव
245
_a
रक्तराग.
260
_b
---
260
_c
0
300
_a
0
600
_a
देव
630
_a
रक्तराग.
700
_a
देव
730
_a
रक्तराग.
942
_c
BOOK
999
_c
1289741
_d
1289738